| 000 | 00389cam a2200157ua 4500 | ||
|---|---|---|---|
| 003 | OSt | ||
| 008 | 250626b |||||||| |||| 00| 0 eng d | ||
| 041 | _aeng | ||
| 082 |
_a624.18341 _bMAX/RE |
||
| 100 |
_aMaxwell-look, John C . _97604 |
||
| 245 | _aReinforced concrete / | ||
| 250 | _a1 / | ||
| 260 |
_aLondon : _bEnglish Universities Press , _c1957. |
||
| 300 | _a380 ; . | ||
| 942 | _cBK | ||
| 999 |
_c2451 _d2451 |
||